00426nam a2200157Ia 450000500170000000800410001702000150005805000250007310000280009824500530012626000350017930000330021444000060024752100070025352600080026020140404091929.0140130s9999 xx 000 0 und d a0590445103 aPZ 7b.P6335Bi3 1977 aPinkwater, Daniel Manis cPinkwater, Daniel ManisaThe big orange splot / bScholastic,c1977.aNew York : a30 p. :bcol. ill. ;c20 cm. v1 aG3 c550